[Event "Politiken Cup 32nd"]
[Site "Copenhagen"]
[Date "2010.08.03"]
[Round "5"]
[White "Heggum, Tore"]
[Black "Moripen, Markus"]
[Result "0-1"]
[WhiteElo "1689"]
[BlackElo "1953"]
[PlyCount "74"]
[EventDate "2010.07.31"]
[EventType "swiss"]
[EventRounds "10"]
[EventCountry "DEN"]
[SourceTitle "CBM 137 Extra"]
[Source "ChessBase"]
[SourceDate "2010.09.01"]
[SourceVersion "1"]
[SourceVersionDate "2010.09.01"]
[SourceQuality "1"]

1. e4 g6 2. d4 Bg7 3. Nc3 d6 4. Be3 Nf6 5. h3 Nbd7 6. Qd2 c5 7. Bb5 0-0 8. Bxd7 Nxd7 9. dxc5 Nxc5 10. Bh6 Bxh6 11. Qxh6 Qa5 12. 0-0-0 Be6 13. Nf3 f6 14. h4 Rf7 15. h5 g5 16. Kb1 Na4 17. Nxa4 Qxa4 18. b3 Qxe4 19. Rhe1 Qg4 20. Nh2 Qxg2 21. Rxe6 Qxh2 22. Rde1 Re8 23. R1e2 Qf4 24. R6e4 Qf5 25. f4 g4 26. R4e3 Rg7 27. Rg2 Rc8 28. Rge2 Rc7 29. Rg2 Rc5 30. Reg3 Rd5 31. Kc1 Rd4 32. Rc3 Rxf4 33. Rc8+ Kf7 34. Rh8 Qe5 35. Kd1 Rf1+ 36. Kd2 Qe1+ 37. Kd3 Rf3+ 0-1

[Event "Politiken Cup 32nd"]
[Site "Copenhagen"]
[Date "2010.08.01"]
[Round "2"]
[White "Helin, Mikael"]
[Black "Heggum, Tore"]
[Result "1-0"]
[WhiteElo "1930"]
[BlackElo "1689"]
[PlyCount "51"]
[EventDate "2010.07.31"]
[EventType "swiss"]
[EventRounds "10"]
[EventCountry "DEN"]
[SourceTitle "CBM 137 Extra"]
[Source "ChessBase"]
[SourceDate "2010.09.01"]
[SourceVersion "1"]
[SourceVersionDate "2010.09.01"]
[SourceQuality "1"]

1. e4 c5 2. Nc3 Nc6 3. g3 g6 4. Bg2 Bg7 5. d3 d6 6. Nge2 Nf6 7. 0-0 0-0 8. h3 a6 9. f4 Qc7 10. g4 e6 11. Ng3 Rb8 12. f5 exf5 13. exf5 h6 14. h4 gxf5 15. g5 hxg5 16. hxg5 Ng4 17. Nd5 Qd8 18. c3 Ne7 19. Nxf5 Nxf5 20. Qxg4 Ne3 21. Qh4 Nxd5 22. Bxd5 Be6 23. Be4 f5 24. gxf6 Rxf6 25. Qh7+ Kf8 26. Bh6 1-0

[Event "Politiken Cup 32nd"]
[Site "Copenhagen"]
[Date "2010.07.31"]
[Round "1"]
[White "Heggum, Tore"]
[Black "Joensson, Lennart"]
[Result "0-1"]
[WhiteElo "1689"]
[BlackElo "2105"]
[PlyCount "66"]
[EventDate "2010.07.31"]
[EventType "swiss"]
[EventRounds "10"]
[EventCountry "DEN"]
[SourceTitle "CBM 137 Extra"]
[Source "ChessBase"]
[SourceDate "2010.09.01"]
[SourceVersion "1"]
[SourceVersionDate "2010.09.01"]
[SourceQuality "1"]

1. e4 e5 2. Nf3 f5 3. Nxe5 Qf6 4. d4 d6 5. Nc4 fxe4 6. d5 Be7 7. Nc3 Qg6 8. f3 Nf6 9. Ne3 0-0 10. Be2 Nbd7 11. 0-0 Ne5 12. fxe4 Bh3 13. Kh1 Bd7 14. Nf5 Rae8 15. Be3 Neg4 16. Bxg4 Nxg4 17. Nxe7+ Rxe7 18. Rxf8+ Kxf8 19. Bg1 Rf7 20. Qe2 Qf6 21. Nb5 Qxb2 22. Rf1 Qxb5 23. Rxf7+ Kxf7 24. Qf3+ Nf6 25. h3 Qc4 26. Bxa7 Qxe4 27. Qxe4 Nxe4 28. Bb8 Bb5 29. Bxc7 Bc4 30. a4 Bxd5 31. Kg1 Ke7 32. Bb6 Nc5 33. a5 Kd7 0-1

[Event "Oslo ASKO Pinseturnering"]
[Site "Oslo"]
[Date "2008.05.10"]
[Round "3"]
[White "Heggum, Tore"]
[Black "Taube, Gregor"]
[Result "0-1"]
[WhiteElo "1328"]
[BlackElo "1144"]
[PlyCount "58"]
[EventDate "2008.05.10"]
[EventType "swiss"]
[EventRounds "6"]
[EventCountry "NOR"]
[SourceTitle "EXT 2010"]
[Source "ChessBase"]
[SourceDate "2010.11.25"]
[SourceVersion "1"]
[SourceVersionDate "2010.11.25"]
[SourceQuality "1"]

1. e4 e6 2. d4 d5 3. Nc3 Bb4 4. e5 c5 5. a3 cxd4 6. axb4 dxc3 7. Qg4 Ne7 8. Qxg7 Rg8 9. Qxh7 Qc7 10. f4 cxb2 11. Bxb2 Qb6 12. Qd3 Qxb4+ 13. Bc3 Qxf4 14. g3 Qe4+ 15. Qxe4 dxe4 16. Bg2 Nd5 17. Bd4 Nc6 18. Bc5 Nxe5 19. Bxe4 Rg4 20. Bxd5 exd5 21. Rxa7 Rxa7 22. Bxa7 Re4+ 23. Kf1 Bd7 24. h4 Bb5+ 25. Kg2 Rc4 26. Nh3 Rxc2+ 27. Nf2 Ng4 28. h5 d4 29. Rf1 Bxf1+ 0-1